Quizzes
Events
Quiz Creation
Community
Videos
Private Events
Remove Ads
Sign In
Join for FREE
Feedback
Dark Mode
Quiz Categories
Sports
Geography
Music
Movies
Television
Just For Fun
Miscellaneous
History
Literature
Language
Science
Gaming
Entertainment
Religion
Holiday
For Kids
Quiz Lab
Recent
Popular Today
Quiz Kudos Today
Editor Picks
Curator Picks
Quizzes by...
Day
Popularity
Type
Ratings
Length
Year
Community
Subscriptions
Recent Discussions
Orange Saloon
Badges
Playlists
Quests
Create
Leaderboards
Showdown
Live 5
Trivia Bingo
Activity
Puzzle Library
Sporcle Events
Private Events
Virtual Trivia
Globe League
Become a Host
Pub Owners
SporcleCon
Opinionation
Our Games
Videos
Blog
Mobile Apps
Partnerships
Remove Ads and Go Orange
Feedback
Sports
Athletes
MLB
NBA
NHL
NFL
Soccer
Sports Teams
WWE
NCAA
Football
Premier League
Basketball
Baseball
Hockey
Golf
Tennis
Cricket
Rugby
Auto Racing
Olympics
World Cup
Sports
Athletes
MLB
NBA
NHL
NFL
Soccer
Sports Teams
WWE
NCAA
Football
Premier League
Basketball
Baseball
Hockey
Golf
Tennis
Cricket
Rugby
Auto Racing
Olympics
World Cup
Random Quiz
Search Sporcle
×
Quiz Lab
Quiz Lab
Sports
UEFA Europa League
Type in answers that appear in a list
Type in answers that appear in a list
Classic
Best Score? Go Orange.
UEFA Europa League 09-10 Stats
Can you name the UEFA Europa League clubs in season 09-10?
By
aliaskk
12m
48 Questions
144 Plays
144 Plays
144 Plays
Comments
Comments
Give Quiz Kudos
Give Quiz Kudos
-
- Ratings
hide this ad
More Info
Replay
Link that replays current quiz
Next Quiz
Link to next quiz in quiz playlist
You Got
0%
They Got
Avg Score
38%
Avg Friend Score
Upgrade to see
Score Distribution
Jump to the score distribution portion of the page
Score
0/48
Timer
12:00
0
Plays Today
Club
% Correct
Fulham
73.4%
Everton
69.9%
Ajax
59.4%
Roma
57.3%
Valencia
54.5%
Celtic
54.5%
Benfica
51.7%
PSV
51.7%
Lille
51%
Sporting
50.3%
Lazio
49%
AEK
49%
Sparta
48.3%
Anderlecht
47.6%
Galatasaray
46.2%
Werder
45.5%
BATE
43.4%
Villarreal
42.7%
Club Brugge
42.7%
Dinamo Zagreb
42%
Basel
42%
Shakhtar
40.6%
Panathinaikos
39.2%
Fenerbahce
37.1%
Club
% Correct
Steaua
36.4%
Partizan
35.7%
Athletic
35.7%
Rapid Vienna
35%
Twente
34.3%
Cluj
32.2%
Austria
32.2%
Genoa
31.5%
Hertha
31.5%
Slavia
30.8%
Hapoel
29.4%
CSKA Sofia
29.4%
Red Bull
28%
Levski
27.3%
Toulouse
27.3%
Copenhagen
27.3%
Heerenveen
23.1%
HSV
21.7%
Sturm
21.7%
Timisoara
20.3%
Ventspils
18.2%
Sheriff
17.5%
Dinamo Bucharest
14%
Madeira
4.9%
Quiz Playlist
Details
Report
Send in Message
Add To Playlist
More Info:
Can you name all the clubs that participated in UEFA Europa League in season 2009 - 2010?
Classic:
Type in answers that appear in a list
Last Updated: Feb 16, 2017
Quiz Scoreboard
CHALLENGE
Sign Up to Join the Scoreboard
Show All
Scores
Hide
Comments
May contain spoilers
Recently Published
Movies - When Are They Set?
by FPL_Elf
Movies
5m
Popular People in 1961
by mucciniale
History
6m
1-10 Letter E Words III
by El_Dandy
Language
2m
More to Explore
Quiz From the Vault
Featured Blog Post
Where Did the Easter Bunny Come From?
hide this ad
You Might Also Like...
Tags
2009-2010
club
europa
group
League
season
UEFA
UEFA Europa League
Today's Top Quizzes in Sports
Browse Sports
hide this ad
Today's Top Quizzes in UEFA Europa League
Browse UEFA Europa League
Top Contributed Quizzes in Sports
1
Les meilleurs buteurs des matchs entre le PSG et l’OM
2
FIFA Club World Cup Champions
3
Les entraîneurs de l'OM et du PSG au 21e siècle
4
2022 World Cup Stars
5
Name the Premier League winners with different clubs
6
La finale Lions - Afrique du Sud 2021
7
Criteria MLB: Left Handed Sluggers
8
Les joueurs passés par le LOSC et le RC Lens
9
Players with Multiple 50 Home Run Seasons
10
MLB Players with Two .350 Batting Average Seasons
Explore More
Trending Topics
Kpop
NBA
Marvel
Anime
Harry Potter
Disney
Crossword
NFL
The Office
WWE
Song
Country
Puzzle
Pokémon
Soccer
hide this ad
More By:
aliaskk
Quiz
Plays
Rating
Category
Featured
Created
Cities of Czech Republic
697
3.44
Geography
May 7, 2010
Polish Ekstraklasa Clubs
333
3.67
Sports
Jul 28, 2010
The final results of Champions League 14/15 group stage
249
5.00
Sports
Mar 2, 2015
UEFA Europa League 09-10
144
3.50
Sports
Jul 30, 2010
Polish Football Clubs on Facebook
56
4.50
Sports
Mar 20, 2018
Go to Creator's Profile
Score Distribution
Quiz Creator Spotlight
aliaskk
Follow
Send a Message
Quizzes Created
-
Created Quiz Play Count
-
More By This Creator
Popular Quizzes Today
1
Find the Countries of Europe - No Outlines Minefield
2
Find the US States - No Outlines Minefield
3
The Countries of the World
4
Popular People in 1961
5
1-10 Letter E Words III
6
US States
7
Find the US States
8
One Thing in Common: World Cities II
More Sports Quizzes
'Z' Names for Soccer Players
Quiz Lab
Trending Quizzes
Risky Map Clicking: Least Populous States A-Z
Humor Books: The Subtitles
1-10 Letter F Words
1-10 Letter G Words
One Thing in Common: United Kingdom
Recently Updated
Leaping Animals
pecheneg
Reality TV Shows (A-Z)
bhenderson79
Rickey Henderson's Hall of Fame Teammates
pecheneg
Champions League XIs: Arsenal
pecheneg
Quick Pick: Celebrities in WWE's Hall of Fame
aduchscher
A-Z Keypad Blitz II
pecheneg
Multiple Oscar Actors
pecheneg
Mystery Phrase Blitz: Oscar 'Best Actors'
pecheneg
F. Scott Fitzgerald Novels
LTH
Pick 3 Villains
ddd62291
Trending Topics
Anime
Harry Potter
Crossword
Kpop
Marvel
NBA
Disney
Pokémon
The Office
Song
WWE
Puzzle
Country
NFL
Soccer
Your Account Isn't Verified!
In order to create a playlist on Sporcle, you need to verify the email address you used during registration. Go to your
Sporcle Settings
to finish the process.
Report this User
Report this user for behavior that violates our
Community Guidelines
.
Details:
Send Report
Go to the Sporcle.com Mobile Site →
Comments